[Event "Oberliga Nord O 1819"]
[Site "Germany"]
[Date "2019.03.24"]
[Round "8.2"]
[White "Thesing, Matthias"]
[Black "Hansch, Karsten"]
[Result "0-1"]
[WhiteElo "2316"]
[BlackElo "2262"]
[PlyCount "76"]
[EventDate "2018.10.21"]
[EventType "team-tourn"]
[EventRounds "9"]
[EventCountry "GER"]
[SourceTitle "EXT 2020"]
[Source "ChessBase"]
[SourceDate "2019.10.17"]
[SourceVersion "1"]
[SourceVersionDate "2019.10.17"]
[SourceQuality "1"]
[WhiteTeam "Kreuzberg"]
[BlackTeam "Potsdam Empor"]
[WhiteTeamCountry "GER"]
[BlackTeamCountry "GER"]

1. e4 c5 2. Nc3 d6 3. f4 g6 4. Nf3 Bg7 5. Bc4 Nc6 6. 0-0 Nf6 7. d3 0-0 8. f5 e6 9. fxg6 fxg6 10. a3 Ng4 11. Bg5 Qb6 12. Qd2 Nd4 13. Na4 Qc7 14. Nc3 Bd7 15. h3 Nxf3+ 16. gxf3 Ne5 17. Kg2 Qb6 18. Rab1 Rf7 19. Ba2 Raf8 20. f4 Nc6 21. Ne2 Nd4 22. Nxd4 cxd4 23. Qb4 Qc5 24. Rf2 h6 25. Qxc5 dxc5 26. Bh4 Rxf4 27. Rxf4 Rxf4 28. Bg3 Rf8 29. Bd6 Rc8 30. Rf1 b5 31. Rf2 c4 32. e5 Bc6+ 33. Kg3 Bd5 34. dxc4 bxc4 35. Rf4 Rc6 36. c3 d3 37. Rf2 g5 38. Rd2 h5 0-1

[Event "Eforie Nord Seacoast op 26th"]
[Site "Eforie Nord"]
[Date "2016.06.27"]
[Round "1"]
[White "Aciu, Malina Andreea"]
[Black "Thesing, Matthias"]
[Result "0-1"]
[WhiteElo "1869"]
[BlackElo "2342"]
[PlyCount "103"]
[EventDate "2016.06.27"]
[EventType "swiss"]
[EventRounds "10"]
[EventCountry "ROU"]
[SourceTitle "EXT 2017"]
[Source "ChessBase"]
[SourceDate "2016.10.25"]
[SourceVersion "1"]
[SourceVersionDate "2016.10.25"]
[SourceQuality "1"]

1. e4 c5 2. Nf3 e6 3. d4 cxd4 4. Nxd4 a6 5. c4 Nf6 6. Nc3 Qc7 7. Be2 Bb4 8. f3 Nc6 9. Be3 0-0 10. 0-0 Re8 11. Rc1 d5 12. cxd5 exd5 13. Nxc6 bxc6 14. Bg5 Qe5 15. Bxf6 Qxf6 16. exd5 Bxc3 17. Rxc3 cxd5 18. Qd2 Bf5 19. Rfc1 Qb6+ 20. Kf1 Rad8 21. Rc6 Qb8 22. Kg1 d4 23. Rxa6 Qe5 24. Bf1 d3 25. Ra4 h6 26. Rac4 Rb8 27. b3 Ra8 28. g3 Red8 29. Kf2 Qe7 30. a4 Qa3 31. R4c3 Rab8 32. Rb1 Rbc8 33. Rbc1 Rb8 34. Rb1 Qb4 35. Rb2 Qd4+ 36. Kg2 g5 37. Rc4 Qd5 38. g4 Bg6 39. Rc3 h5 40. h3 h4 41. b4 Qd4 42. b5 Qxa4 43. Qxg5 Qd4 44. Qd2 Qd6 45. Rc6 Qd5 46. Rc3 Rxb5 47. Rxb5 Qxb5 48. Kg1 Qb6+ 49. Kg2 Qd6 50. Kh1 Qg3 51. Bg2 Re8 52. Qd1 0-1

[Event "Eforie Nord Seacoast op 25th"]
[Site "Eforie Nord"]
[Date "2015.07.02"]
[Round "10"]
[White "Peptan, Corina Isabela"]
[Black "Thesing, Matthias"]
[Result "0-1"]
[WhiteElo "2434"]
[BlackElo "2315"]
[PlyCount "46"]
[EventDate "2015.06.23"]
[EventType "swiss"]
[EventRounds "10"]
[EventCountry "ROU"]
[SourceTitle "CBM 167 Extra"]
[Source "ChessBase"]
[SourceDate "2015.09.14"]
[SourceVersion "1"]
[SourceVersionDate "2015.09.14"]
[SourceQuality "1"]

1. e4 c5 2. Nf3 e6 3. d4 cxd4 4. Nxd4 a6 5. Bd3 Nf6 6. 0-0 d6 7. f4 Nbd7 8. Kh1 Nc5 9. Nc3 b5 10. e5 b4 11. Nce2 dxe5 12. fxe5 Nfd7 13. Bf4 Bb7 14. Qd2 Nxd3 15. cxd3 Be7 16. Ng3 Nc5 17. Qxb4 Qd5 18. Nf3 Nxd3 19. Qd4 Qxd4 20. Nxd4 Rd8 21. Nge2 Nxf4 22. Rxf4 0-0 23. Nc3 g5 0-1

[Event "ROM-chT2"]
[Site "Calimanesti"]
[Date "2014.11.16"]
[Round "9.2"]
[White "Thesing, Matthias"]
[Black "Bogdan, Dan"]
[Result "1/2-1/2"]
[WhiteElo "2310"]
[BlackElo "2382"]
[PlyCount "22"]
[EventDate "2014.11.08"]
[EventType "team-tourn"]
[EventRounds "9"]
[EventCountry "ROU"]
[SourceTitle "CBM 163 Extra"]
[Source "ChessBase"]
[SourceDate "2014.12.23"]
[SourceVersion "1"]
[SourceVersionDate "2014.12.23"]
[SourceQuality "1"]
[WhiteTeam "Resita Muncitorul"]
[BlackTeam "Satu Mare Apollo"]
[WhiteTeamCountry "ROU"]
[BlackTeamCountry "ROU"]

1. e4 e5 2. Nf3 Nf6 3. Nxe5 d6 4. Nf3 Nxe4 5. Qe2 Qe7 6. d3 Nf6 7. Bg5 Qxe2+ 8. Bxe2 Be7 9. Na3 c6 10. 0-0-0 Be6 11. Rhe1 Nbd7 1/2-1/2

[Event "ROM-chT2"]
[Site "Calimanesti"]
[Date "2014.11.14"]
[Round "7.2"]
[White "Thesing, Matthias"]
[Black "Dobre, Claudiu Cristian"]
[Result "1/2-1/2"]
[WhiteElo "2310"]
[BlackElo "2342"]
[PlyCount "108"]
[EventDate "2014.11.08"]
[EventType "team-tourn"]
[EventRounds "9"]
[EventCountry "ROU"]
[SourceTitle "CBM 163 Extra"]
[Source "ChessBase"]
[SourceDate "2014.12.23"]
[SourceVersion "1"]
[SourceVersionDate "2014.12.23"]
[SourceQuality "1"]
[WhiteTeam "Resita Muncitorul"]
[BlackTeam "Moreni Petrom"]
[WhiteTeamCountry "ROU"]
[BlackTeamCountry "ROU"]

1. e4 c6 2. c4 d5 3. cxd5 cxd5 4. exd5 Nf6 5. Nc3 Nxd5 6. Nf3 Nc6 7. Bb5 a6 8. Bxc6+ bxc6 9. 0-0 Nxc3 10. bxc3 e6 11. Qa4 Bd7 12. Qg4 Qf6 13. Qg3 Rc8 14. d4 Qg6 15. Qf4 f6 16. a4 Qc2 17. Ba3 Bxa3 18. Rxa3 0-0 19. Qd6 Rfd8 20. Qc5 Be8 21. c4 Bg6 22. a5 Be4 23. h3 Qb2 24. Re1 Bxf3 25. Rxf3 Qxd4 26. Qxd4 Rxd4 27. Rxe6 Kf7 28. Rfe3 Rc7 29. Re8 Ra7 30. R8e4 Rd1+ 31. Re1 Rxe1+ 32. Rxe1 Rb7 33. Kf1 Rb4 34. Rc1 Ra4 35. Ke2 Rxa5 36. Rb1 Ra2+ 37. Ke3 Rc2 38. Rb7+ Kg6 39. Rb4 Kf5 40. Rb7 g5 41. Rxh7 Rxc4 42. Ra7 Re4+ 43. Kd3 Ra4 44. Rc7 Ra3+ 45. Kd4 Ra2 46. Ke3 Rc2 47. Ra7 Ke5 48. Rxa6 f5 49. Ra8 Rc3+ 50. Ke2 f4 51. Re8+ Kf5 52. Rf8+ Ke5 53. Rg8 Kf5 54. Rf8+ Ke5 1/2-1/2

[Event "Bundesliga 1314"]
[Site "Germany"]
[Date "2014.04.05"]
[Round "14.8"]
[White "Giemsa, Stephan"]
[Black "Thesing, Matthias"]
[Result "1/2-1/2"]
[WhiteElo "2321"]
[BlackElo "2355"]
[PlyCount "45"]
[EventDate "2013.10.12"]
[EventType "team-tourn"]
[EventRounds "15"]
[EventCountry "GER"]
[SourceTitle "CBM 160"]
[Source "ChessBase"]
[SourceDate "2014.05.15"]
[SourceVersion "1"]
[SourceVersionDate "2014.05.15"]
[SourceQuality "1"]
[WhiteTeam "Koenig Tegel"]
[BlackTeam "Katernberg"]
[WhiteTeamCountry "GER"]
[BlackTeamCountry "GER"]

1. d4 d5 2. c4 dxc4 3. e3 e5 4. Bxc4 exd4 5. exd4 Bd6 6. Nf3 Nf6 7. 0-0 0-0 8. h3 Nc6 9. Nc3 h6 10. Qc2 Nb4 11. Qb1 Be6 12. Bxe6 fxe6 13. Re1 Qd7 14. Bd2 Rae8 15. Re2 Nc6 16. Qg6 Qf7 17. Qxf7+ Rxf7 18. Rae1 Rfe7 19. Kf1 Bb4 20. Ne4 Nxe4 21. Rxe4 Bxd2 22. Nxd2 Rd8 23. Nf3 1/2-1/2

[Event "Bundesliga 1314"]
[Site "Germany"]
[Date "2014.02.09"]
[Round "8.7"]
[White "Thesing, Matthias"]
[Black "Guliyev, Namig"]
[Result "0-1"]
[WhiteElo "2355"]
[BlackElo "2559"]
[PlyCount "80"]
[EventDate "2013.10.12"]
[EventType "team-tourn"]
[EventRounds "15"]
[EventCountry "GER"]
[SourceTitle "CBM 159"]
[Source "ChessBase"]
[SourceDate "2014.03.17"]
[SourceVersion "1"]
[SourceVersionDate "2014.03.17"]
[SourceQuality "1"]
[WhiteTeam "Katernberg"]
[BlackTeam "Eppingen"]
[WhiteTeamCountry "GER"]
[BlackTeamCountry "GER"]

1. d4 d5 2. c4 dxc4 3. e3 Nf6 4. Bxc4 e6 5. Nf3 a6 6. Qe2 c5 7. dxc5 Bxc5 8. e4 b5 9. Bb3 Bb7 10. e5 Nfd7 11. 0-0 Nc6 12. Rd1 Qc7 13. Bf4 Be7 14. Nbd2 Nc5 15. Rac1 Rd8 16. Bc2 0-0 17. Bb1 Nd4 18. Qe3 Nxf3+ 19. gxf3 a5 20. Ne4 Rxd1+ 21. Rxd1 Nxe4 22. Bxe4 Bc5 23. Qd3 Bxe4 24. Qxe4 Rc8 25. Rc1 Qd7 26. Be3 Bxe3 27. Rxc8+ Qxc8 28. Qxe3 h6 29. Qd4 b4 30. Kg2 Qc2 31. Qd8+ Kh7 32. Qd4 Qg6+ 33. Kh3 Qg1 34. Qe4+ g6 35. Qf4 Kg8 36. Qd2 Kg7 37. b3 g5 38. Qd8 Qxf2 39. Qf6+ Kg8 40. Qd8+ Kh7 0-1

[Event "ROM-chT"]
[Site "Mamaia"]
[Date "2013.09.07"]
[Round "8.3"]
[White "Vajda, Levente"]
[Black "Thesing, Matthias"]
[Result "1-0"]
[WhiteElo "2613"]
[BlackElo "2383"]
[PlyCount "233"]
[EventDate "2013.08.31"]
[EventType "team-tourn"]
[EventRounds "9"]
[EventCountry "ROU"]
[SourceTitle "CBM 156 Extra"]
[Source "ChessBase"]
[SourceDate "2013.10.22"]
[SourceVersion "1"]
[SourceVersionDate "2013.10.22"]
[SourceQuality "1"]
[WhiteTeam "Baia Mare"]
[BlackTeam "Resita Muncitorul"]
[WhiteTeamCountry "ROU"]
[BlackTeamCountry "ROU"]

1. e4 c5 2. Nf3 Nc6 3. c3 d5 4. exd5 Qxd5 5. d4 Nf6 6. Be3 Bf5 7. Be2 e6 8. 0-0 Ng4 9. Na3 Nxe3 10. fxe3 Be7 11. Nb5 Qd8 12. dxc5 Bxc5 13. Nbd4 0-0 14. Qa4 Nxd4 15. exd4 Bd6 16. Rad1 Qb6 17. Qb5 Qxb5 18. Bxb5 Rad8 19. Rde1 a6 20. Bc4 b5 21. Bb3 a5 22. a3 b4 23. axb4 axb4 24. c4 Bb8 25. c5 h6 26. Kf2 Bd3 27. Rh1 Bb5 28. Rd1 Bc6 29. Ne5 Ba8 30. Rhe1 g6 31. Nc4 Bd5 32. Na5 Ba8 33. Ba4 e5 34. Bc6 Bc7 35. Bxa8 Bxa5 36. Bb7 exd4 37. Re7 b3 38. Rd3 Bb4 39. Re5 f6 40. Rd5 Kg7 41. Rxd8 Rxd8 42. c6 Ba5 43. Ba6 Rd6 44. Bb5 Rd5 45. Rxb3 Rf5+ 46. Ke2 Re5+ 47. Kd1 Kf8 48. Be2 Ke7 49. Rb7+ Kd6 50. b4 Kxc6 51. Bf3+ Kd6 52. bxa5 Rxa5 53. Kd2 Ke5 54. Re7+ Kf5 55. Kd3 Ra4 56. Rh7 h5 57. Rg7 Kg5 58. h4+ Kf5 59. Be4+ Ke5 60. Re7+ Kd6 61. Re8 Ra3+ 62. Kc4 Rg3 63. Bf3 g5 64. Rd8+ Ke5 65. Rxd4 g4 66. Bc6 f5 67. Rd2 Ra3 68. Re2+ Kf4 69. Rf2+ Kg3 70. Rxf5 Kxh4 71. Kd4 Ra6 72. Rc5 Kg3 73. Rc3+ Kh2 74. Ke5 h4 75. Kf4 g3 76. Rc2 Rb6 77. Be4 Rb4 78. Kf3 h3 79. gxh3+ Kxh3 80. Bf5+ Kh4 81. Rc8 Kg5 82. Bc2 Rf4+ 83. Kxg3 Rg4+ 84. Kf3 Rf4+ 85. Ke3 Rb4 86. Rf8 Rb5 87. Be4 Rb3+ 88. Kd4 Ra3 89. Ke5 Rg3 90. Bf3 Kh4 91. Kf4 Rg4+ 92. Ke3 Rg7 93. Rf5 Rg5 94. Rf4+ Kg3 95. Re4 Rg7 96. Re5 Rg8 97. Be4 Rg7 98. Rf5 Kg4 99. Re5 Rg5 100. Bf3+ Kh4 101. Re4+ Kg3 102. Re7 Rg6 103. Rh7 Rg8 104. Bd5 Rg5 105. Be4 Rg8 106. Rh1 Rg5 107. Ra1 Rg4 108. Bf5 Rg5 109. Ke4 Kh4 110. Rh1+ Kg3 111. Rh3+ Kg2 112. Re3 Kh2 113. Kf4 Rg2 114. Be4 Rf2+ 115. Bf3 Rb2 116. Ra3 Kh3 117. Ra8 1-0

[Event "Arad op"]
[Site "Arad"]
[Date "2013.08.04"]
[Round "2"]
[White "Marjanovic, Annamaria"]
[Black "Thesing, Matthias"]
[Result "1/2-1/2"]
[WhiteElo "2000"]
[BlackElo "2383"]
[PlyCount "100"]
[EventDate "2013.08.03"]
[EventType "swiss"]
[EventRounds "9"]
[EventCountry "ROU"]
[SourceTitle "CBM 155 Extra"]
[Source "ChessBase"]
[SourceDate "2013.08.26"]
[SourceVersion "1"]
[SourceVersionDate "2013.08.26"]
[SourceQuality "1"]

1. e4 c5 2. Nf3 e6 3. d4 cxd4 4. Nxd4 a6 5. Nc3 Qc7 6. Bd3 Nf6 7. 0-0 Nc6 8. Be3 Ne5 9. Nf3 Nfg4 10. Nxe5 Nxe3 11. Qh5 g6 12. Qf3 Qxe5 13. fxe3 f6 14. Qxf6 Qxf6 15. Rxf6 Bg7 16. Rf3 b5 17. Rb1 Bb7 18. a3 Rc8 19. Ne2 Rc5 20. c3 Re5 21. Ng3 Rf8 22. Kf2 Ke7 23. Rxf8 Kxf8 24. Bc2 Bc6 25. Rd1 Ke7 26. Kf3 Rc5 27. Ra1 Rg5 28. a4 bxa4 29. Ra3 h5 30. Bxa4 Ra5 31. Bxc6 Rxa3 32. bxa3 dxc6 33. Ne2 g5 34. Nd4 Kd6 35. c4 Be5 36. Nb3 Bxh2 37. c5+ Ke5 38. Nd4 g4+ 39. Kf2 Kxe4 40. g3 Kd5 41. Kg2 Bxg3 42. Kxg3 e5 43. Nf5 Kxc5 44. Ng7 Kc4 45. Nxh5 Kb3 46. Kxg4 Kxa3 47. Kf5 Kb3 48. Kxe5 a5 49. Kd4 a4 50. Nf4 c5+ 1/2-1/2

[Event "Arad op"]
[Site "Arad"]
[Date "2013.08.03"]
[Round "1"]
[White "Thesing, Matthias"]
[Black "Malos, Vasilica"]
[Result "1-0"]
[WhiteElo "2383"]
[BlackElo "1818"]
[PlyCount "95"]
[EventDate "2013.08.03"]
[EventType "swiss"]
[EventRounds "9"]
[EventCountry "ROU"]
[SourceTitle "CBM 155 Extra"]
[Source "ChessBase"]
[SourceDate "2013.08.26"]
[SourceVersion "1"]
[SourceVersionDate "2013.08.26"]
[SourceQuality "1"]

1. e4 e5 2. Nf3 Nc6 3. Bb5 d6 4. d4 exd4 5. Qxd4 Bd7 6. Bxc6 Bxc6 7. Nc3 Nf6 8. Bg5 Be7 9. 0-0-0 0-0 10. h4 Nd7 11. Kb1 f6 12. Qc4+ Rf7 13. Bf4 Qe8 14. Nd5 Bd8 15. Rhe1 Ne5 16. Bxe5 dxe5 17. h5 Bb5 18. Qb3 c5 19. Nh4 c4 20. Qg3 Bd7 21. Nf5 Bxf5 22. exf5 Qf8 23. h6 Kh8 24. Re4 Rc8 25. hxg7+ Rxg7 26. Rg4 Rxg4 27. Qxg4 Qg8 28. Qxg8+ Kxg8 29. Nc3 Ba5 30. Ne4 Rf8 31. Rd7 Rf7 32. Rxf7 Kxf7 33. Nd6+ Ke7 34. Nxc4 Bc7 35. Nd2 h5 36. Ne4 Bd8 37. Kc1 Kd7 38. Kd2 Kc6 39. Kd3 b5 40. c4 a6 41. b3 Be7 42. cxb5+ Kxb5 43. Nc3+ Kc6 44. Kc4 h4 45. b4 Bd8 46. Ne4 Be7 47. a4 Bd8 48. f3 1-0

[Event "Bundesliga 1213"]
[Site "Germany"]
[Date "2013.02.23"]
[Round "9"]
[White "Thesing, Matthias"]
[Black "Burg, Twan"]
[Result "0-1"]
[WhiteElo "2399"]
[BlackElo "2502"]
[PlyCount "60"]
[EventDate "2012.10.20"]
[EventType "team-tourn"]
[EventRounds "15"]
[EventCountry "GER"]
[SourceTitle "CBM 153"]
[Source "ChessBase"]
[SourceDate "2013.03.14"]
[SourceVersion "1"]
[SourceVersionDate "2013.03.14"]
[SourceQuality "1"]
[WhiteTeam "Katernberg"]
[BlackTeam "Emsdetten Turm"]
[WhiteTeamCountry "GER"]
[BlackTeamCountry "GER"]

1. e4 c5 2. Nc3 d6 3. f4 g6 4. Nf3 Bg7 5. Bc4 Nc6 6. 0-0 Nf6 7. d3 0-0 8. f5 e6 9. fxg6 fxg6 10. e5 Nxe5 11. Nxe5 dxe5 12. Be3 b6 13. Ne4 Nxe4 14. Rxf8+ Bxf8 15. Qf3 Bd7 16. Qxe4 Bg7 17. Rf1 Qe8 18. Bg5 Bc6 19. Qe3 Bd5 20. Bf6 Bxf6 21. Rxf6 e4 22. h4 Kg7 23. Rf2 Rd8 24. h5 Qe7 25. Qg3 Bxc4 26. Qe5+ Kh6 27. hxg6 Qg5 28. Qxg5+ Kxg5 29. g7 Rg8 30. dxc4 Rxg7 0-1

[Event "Bundesliga 1213"]
[Site "Germany"]
[Date "2012.10.21"]
[Round "2.8"]
[White "Guliyev, Namig"]
[Black "Thesing, Matthias"]
[Result "1-0"]
[WhiteElo "2546"]
[BlackElo "2399"]
[PlyCount "55"]
[EventDate "2012.10.20"]
[EventType "team-tourn"]
[EventRounds "15"]
[EventCountry "GER"]
[SourceTitle "CBM 151"]
[Source "ChessBase"]
[SourceDate "2012.11.13"]
[SourceVersion "1"]
[SourceVersionDate "2012.11.13"]
[SourceQuality "1"]
[WhiteTeam "Eppingen"]
[BlackTeam "Katernberg"]
[WhiteTeamCountry "GER"]
[BlackTeamCountry "GER"]

1. e4 c5 2. Nf3 e6 3. d4 cxd4 4. Nxd4 a6 5. Bd3 Nf6 6. 0-0 Qc7 7. Qe2 d6 8. c4 g6 9. Nc3 Bg7 10. Nf3 0-0 11. Rd1 Nc6 12. h3 b6 13. Bf4 Bb7 14. Rac1 Nd7 15. Qe3 Rfe8 16. Be2 Bf8 17. Nb5 axb5 18. cxb5 Nc5 19. bxc6 Qxc6 20. b4 Qxe4 21. bxc5 Qxe3 22. fxe3 dxc5 23. Bb5 Red8 24. Rxd8 Rxd8 25. Bc7 Rc8 26. Be5 Bd5 27. a4 c4 28. Nd2 1-0